书目信息 |
| 题名: |
药用植物金银花
|
|
| 作者: | 李琳 , 王俊英 , 曹广才 主编 | |
| 分册: | ||
| 出版信息: | 北京 中国农业科学技术出版社 2012.09 |
|
| 页数: | 176页 | |
| 开本: | 21cm | |
| 丛书名: | ||
| 单 册: | ||
| 中图分类: | S567.7 | |
| 科图分类: | ||
| 主题词: | 忍冬--栽培技术 , 忍冬 | |
| 电子资源: | ||
| ISBN: | 978-7-5116-1029-4 | |
| 000 | 00960nam0 2200277 450 | |
| 001 | 010700142039 | |
| 005 | 20140611152050.87 | |
| 010 | @a978-7-5116-1029-4@dCNY29.00 | |
| 100 | @a20121122d2012 em y0chiy50 ea | |
| 101 | 0 | @achi |
| 102 | @aCN@b110000 | |
| 105 | @aak z 000yy | |
| 106 | @ar | |
| 200 | 1 | @a药用植物金银花@9yao yong zhi wu jin yin hua@f李琳,王俊英,曹广才主编 |
| 210 | @a北京@c中国农业科学技术出版社@d2012.09 | |
| 215 | @a176页@c图@d21cm | |
| 300 | @a金银花高产生态综合技术试验示范项目,编号(20110801)北京市农业局科技项目 | |
| 330 | @a本书共分为4章,介绍了金银花的种植历史,药用价值以及在中国的分布;在对金银花特征和特性的阐述中,有忍冬科、忍冬属、金银花的形态特征。 | |
| 606 | 0 | @a忍冬@x栽培技术 |
| 606 | 0 | @a忍冬 |
| 690 | @aS567.7@v5 | |
| 701 | 0 | @a李琳@9li lin@4主编 |
| 701 | 0 | @a王俊英@9wang jun ying@4主编 |
| 701 | 0 | @a曹广才@9cao guang cai@4主编 |
| 801 | 0 | @aCN@bRENTIAN@c20121122 |
| 905 | @b549139-42@dS567.7@e58@f4 | |
| 药用植物金银花/李琳,王俊英,曹广才主编.-北京:中国农业科学技术出版社,2012.09 |
| 176页:图;21cm |
| 金银花高产生态综合技术试验示范项目,编号(20110801)北京市农业局科技项目 |
| ISBN 978-7-5116-1029-4:CNY29.00 |
| 本书共分为4章,介绍了金银花的种植历史,药用价值以及在中国的分布;在对金银花特征和特性的阐述中,有忍冬科、忍冬属、金银花的形态特征。 |
| ● |
| 相关链接 |
|
|
|
|
正题名:药用植物金银花
索取号:S567.7/58
 
预约/预借
| 序号 | 登录号 | 条形码 | 馆藏地/架位号 | 状态 | 备注 |
| 1 | 549139 | 205491396 | 第二样本阅览室/ [索取号:S567.7/58] | 在馆 | |
| 2 | 549140 | 205491403 | 生命科学系资料室/ [索取号:S567.7/58] | 在馆 | |
| 3 | 549141 | 205491412 | 第三借阅区/ [索取号:S567.7/58] | 在馆 | |
| 4 | 549142 | 205491421 | 第三借阅区/ [索取号:S567.7/58] | 在馆 |